000 00668nam a2200241Ia 4500
003 OSt
005 20240403143727.0
008 210707s1973 xx 000 0 und d
040 _cAL
041 _aKannada
082 _aK894.9 SITR
100 _aSITARAMAYYA (V), Ed
_dವಿ.ಸೀತಾರಾಮಯ್ಯ
_9158094
245 _aRanna.
_b ರನ್ನ
260 _aBengaluru
_bAi Bi Ech Prakashana
_c1973
300 _avii,205 p
365 _b12
_cINR
440 _v4
563 _aHB
650 _aKannada Criticism
_9158095
700 _aSheshagirirav
_d ಶೇಷಗಿರಿರಾವ್
_9158096
906 _aKavi Kavya Parampare
942 _2ddc
_cBK
999 _c179960
_d179960